00343nam a2200121 450000500170000010000170001724500790003426400200011330000180013333600220015133700240017333800240019720260530115304.01 aZiena Maasri10aOf the Wall Grafitti and Postyers Political posters in Lebanese Civil War 1bLB Taurisc2009 a136 páginas atexto2rdacontent asin medio2rdamedia avolumen2rdacarrier